50 Most Played Quizzes on JetPunk - Statistics

General Stats
  • This quiz has been taken 15 times
  • The average score is 9 of 50
Answer Stats
Taken Quiz % Correct
42,623,559 Countries of the World Quiz
93%
15,298,872 US States Quiz
79%
3,307,062 Countries of Europe Quiz
50%
4,665,365 World Capitals Quiz
50%
1,574,515 U.S. State Capitals Quiz
43%
2,379,394 NBA Teams Quiz
36%
4,420,541 Europe Map Quiz
29%
2,118,601 NFL Football Teams Quiz
29%
3,301,269 U.S. Presidents Quiz
29%
1,348,263 Biggest Countries by Population
21%
5,256,614 Countries by First Two Letters
21%
2,262,615 Countries of Africa
21%
2,008,989 Countries that Start with A
21%
2,147,451 Countries that Start with B
21%
1,276,380 Countries that Start with E
21%
1,292,761 Countries that Start with M
21%
1,135,910 Countries that Start with P
21%
1,650,944 Countries that Start with S
21%
1,437,691 Europe Capitals Quiz
21%
4,291,384 12 Months in 15 Seconds
14%
3,533,445 Countries by Borders in 90 seconds
14%
1,701,724 Countries that Start with C
14%
1,396,946 Countries that Start with G
14%
1,202,003 Countries that Start with I
14%
5,198,632 Fast Typing 1 to 100
14%
5,511,527 Fast Typing A to Z
14%
3,338,801 Fifty US States in One Minute
14%
1,306,739 Middle East Map Quiz
14%
1,454,239 South America Map Quiz
14%
3,983,931 United States Map Quiz
14%
1,211,340 100 Most Common English Words
7%
1,987,005 Africa Map Quiz
7%
2,203,696 Brand Logos Quiz #1
7%
1,287,411 Brand Logos Quiz #2
7%
3,172,093 Countries of the World with an Empty Map
7%
1,367,337 East Asia Map Quiz
7%
2,014,306 Elements of the Periodic Table
7%
2,433,951 Random Capital to Country
7%
7,491,119 World Map Without 20 Random Countries
7%
3,147,725 All Country Flags of the World
0%
1,688,807 Countries by First and Last Two Letters
0%
1,649,683 Countries of Asia Quiz
0%
1,231,023 Countries of Europe - One Minute Sprint
0%
2,414,406 Country Flags Quiz #1
0%
1,951,303 Find the Mystery Country Using Color Clues - Randomized!
0%
1,389,803 Random Countries on the World Map
0%
2,490,494 US States by Borders in 30 Seconds
0%
1,292,490 U.S. States by First Two Letters in 30 Seconds
0%
1,975,911 Word Scramble - Countries
0%
1,558,587 World Map with Random Merged Countries
0%
No matching quizzes found
Score Distribution
Percent of People with Each Score
Percentile by Number Answered
Your Score History
You have not taken this quiz